[Event "Tenerife-chT Primera 1516"]
[Site "Tenerife"]
[Date "2016.03.05"]
[Round "9.1"]
[White "Rivas Crespo, Alexander"]
[Black "Rodriguez Sabater, Lucia Iris"]
[Result "1-0"]
[WhiteElo "2089"]
[BlackElo "1544"]
[PlyCount "57"]
[EventDate "2015.12.12"]
[EventType "team-tourn"]
[EventRounds "14"]
[EventCountry "ESP"]
[SourceTitle "EXT 2017"]
[Source "ChessBase"]
[SourceDate "2016.10.25"]
[SourceVersion "1"]
[SourceVersionDate "2016.10.25"]
[SourceQuality "1"]
[WhiteTeam "Circulo de Amistad"]
[BlackTeam "El Sauzal II"]
[WhiteTeamCountry "ESP"]
[BlackTeamCountry "ESP"]

1. d4 d5 2. Nf3 c6 3. Bf4 Nf6 4. e3 g6 5. h3 Bg7 6. Nbd2 Qb6 7. Rb1 a5 8. c4 Bf5 9. c5 Qd8 10. Rc1 Na6 11. Ne5 Nd7 12. Nxd7 Bxd7 13. Qb3 Bc8 14. Nb1 0-0 15. Nc3 Re8 16. Na4 e5 17. Bxe5 Bxe5 18. dxe5 Rxe5 19. Bxa6 Rxa6 20. Qc3 Re4 21. Nb6 d4 22. Rd1 Qc7 23. Rxd4 Re7 24. Ke2 f5 25. Rhd1 Be6 26. Rd8+ Kf7 27. Qh8 Bxa2 28. Qf8+ Ke6 29. R1d6+ 1-0

[Event "Tenerife-chT Preferente 1314"]
[Site "Tenerife"]
[Date "2014.03.22"]
[Round "11.1"]
[White "Hernandez Leon, Alberto"]
[Black "Rivas Crespo, Alexander"]
[Result "1/2-1/2"]
[WhiteElo "2250"]
[BlackElo "2084"]
[PlyCount "74"]
[EventDate "2013.12.14"]
[EventType "team-tourn"]
[EventRounds "14"]
[EventCountry "ESP"]
[SourceTitle "EXT 2015"]
[Source "ChessBase"]
[SourceDate "2014.11.20"]
[SourceVersion "1"]
[SourceVersionDate "2014.11.20"]
[SourceQuality "1"]
[WhiteTeam "Casa de Venezuela Ebano"]
[BlackTeam "Circulo de Amistad"]
[WhiteTeamCountry "ESP"]
[BlackTeamCountry "ESP"]

1. Nf3 d5 2. c4 c6 3. d4 e6 4. e3 Nf6 5. Nbd2 Be7 6. Bd3 b6 7. cxd5 cxd5 8. Ne5 0-0 9. 0-0 Nfd7 10. Nxd7 Qxd7 11. Qe2 a6 12. f4 f5 13. a3 Nc6 14. b4 Nd8 15. Nf3 Nf7 16. Bb2 Bb7 17. Rfc1 b5 18. Rc5 Bxc5 19. dxc5 e5 20. fxe5 Nd8 21. Qc2 g6 22. Nd4 Ne6 23. Qc3 Bc6 24. Nxc6 Qxc6 25. Rd1 f4 26. Qb3 fxe3 27. Be2 Rad8 28. Qxe3 d4 29. Bxd4 Qd7 30. Bc3 Qxd1+ 31. Bxd1 Rxd1+ 32. Be1 Nd4 33. h3 Nc2 34. Qb3+ Rf7 35. Qxc2 Rxe1+ 36. Kh2 Rxe5 37. Qd3 Ree7 1/2-1/2

[Event "Tenerife-chT Preferente 1314"]
[Site "Tenerife"]
[Date "2014.02.01"]
[Round "5.1"]
[White "Exposito Afonso, Ramon"]
[Black "Rivas Crespo, Alexander"]
[Result "0-1"]
[WhiteElo "1984"]
[BlackElo "2084"]
[PlyCount "68"]
[EventDate "2013.12.14"]
[EventType "team-tourn"]
[EventRounds "14"]
[EventCountry "ESP"]
[SourceTitle "EXT 2015"]
[Source "ChessBase"]
[SourceDate "2014.11.20"]
[SourceVersion "1"]
[SourceVersionDate "2014.11.20"]
[SourceQuality "1"]
[WhiteTeam "Universidad"]
[BlackTeam "Circulo de Amistad"]
[WhiteTeamCountry "ESP"]
[BlackTeamCountry "ESP"]

1. d4 Nf6 2. c4 d6 3. Nc3 g6 4. e4 Bg7 5. Be2 0-0 6. Nf3 Nc6 7. d5 Nb8 8. 0-0 e6 9. Bg5 h6 10. Be3 Ng4 11. Bc1 f5 12. dxe6 fxe4 13. Nd4 Nxf2 14. Rxf2 Rxf2 15. Kxf2 Qf6+ 16. Ke3 Qg5+ 17. Kf2 Qf6+ 18. Ke1 Qxd4 19. Qxd4 Bxd4 20. Nb5 Bb6 21. c5 Ba5+ 22. b4 Bxb4+ 23. Kd1 Na6 24. Bc4 Kh7 25. cxd6 Bxd6 26. Nxd6 cxd6 27. Bf4 Nc7 28. Bxd6 Bxe6 29. Bxc7 Bxc4 30. Rc1 Bxa2 31. Be5 Rd8+ 32. Ke1 Rd7 33. Ra1 Bc4 34. Rxa7 e3 0-1

[Event "Tenerife-chT Preferente 1314"]
[Site "Tenerife"]
[Date "2014.01.25"]
[Round "4.1"]
[White "Rivas Crespo, Alexander"]
[Black "Mendivil Anton, Daniel"]
[Result "0-1"]
[WhiteElo "2084"]
[BlackElo "2260"]
[PlyCount "53"]
[EventDate "2013.12.14"]
[EventType "team-tourn"]
[EventRounds "14"]
[EventCountry "ESP"]
[SourceTitle "EXT 2015"]
[Source "ChessBase"]
[SourceDate "2014.11.20"]
[SourceVersion "1"]
[SourceVersionDate "2014.11.20"]
[SourceQuality "1"]
[WhiteTeam "Circulo de Amistad"]
[BlackTeam "Casa de Venezuela Ebano"]
[WhiteTeamCountry "ESP"]
[BlackTeamCountry "ESP"]

1. d4 e6 2. Nf3 f5 3. Bf4 Nf6 4. c4 Bb4+ 5. Bd2 Qe7 6. a3 Bxd2+ 7. Nbxd2 d6 8. e3 e5 9. dxe5 dxe5 10. e4 fxe4 11. Ng5 Bf5 12. Qc2 Nc6 13. Ngxe4 Nd4 14. Qb1 Nxe4 15. Nxe4 Nb3 16. Ra2 0-0-0 17. Bd3 Nd2 18. Qc2 Bxe4 19. Bxe4 Rd4 20. Bf5+ Kb8 21. Ke2 Rhd8 22. b3 g6 23. Bd3 Rxd3 24. Qxd3 Rxd3 25. Kxd3 Nxb3 26. Re1 Qc5 27. Kc3 0-1

[Event "Santa Cruz de Tenerife Amistad op"]
[Site "Santa Cruz de Tenerife"]
[Date "2013.09.13"]
[Round "3"]
[White "Diaz Garcia, Carlos Luis"]
[Black "Rivas Crespo, Alexander"]
[Result "0-1"]
[WhiteElo "1470"]
[BlackElo "2098"]
[PlyCount "93"]
[EventDate "2013.09.09"]
[EventType "swiss"]
[EventRounds "7"]
[EventCountry "ESP"]
[SourceTitle "CBM 156 Extra"]
[Source "ChessBase"]
[SourceDate "2013.10.22"]
[SourceVersion "1"]
[SourceVersionDate "2013.10.22"]
[SourceQuality "1"]

1. d4 Nf6 2. c4 d6 3. Nc3 g6 4. e4 Bg7 5. Nf3 0-0 6. Be2 e5 7. d5 Ne8 8. Bg5 f6 9. Bh4 a5 10. a4 Na6 11. 0-0 Bd7 12. Nd2 Qc8 13. f4 exf4 14. Be1 g5 15. g4 fxg3 16. Bxg3 Nc5 17. Nf3 h6 18. Nd4 f5 19. Nxf5 Bxf5 20. exf5 Rxf5 21. Re1 Rf8 22. Bg4 Qd8 23. Rb1 Nf6 24. Bf5 Nfd7 25. Rf1 Kh8 26. Qh5 Nf6 27. Qd1 Qe8 28. Re1 Qf7 29. Be6 Qg6 30. Re3 Nh5 31. Nb5 Nf4 32. Nxc7 Rad8 33. Kh1 Be5 34. Bg4 Nfd3 35. Bh5 Qh7 36. Bxe5+ dxe5 37. Kg1 Qxc7 38. Rxd3 Nxd3 39. Qxd3 Qc5+ 40. Kh1 Rf6 41. Bf3 b6 42. Rf1 Rdf8 43. Qe4 Kg7 44. Qxe5 Qxc4 45. Re1 Qf4 46. Bd1 Qxe5 47. Rxe5 0-1

[Event "Tenerife-chT"]
[Site "Tenerife"]
[Date "2013.03.23"]
[Round "9.1"]
[White "Rivas Crespo, Alexander"]
[Black "Cabrera Trujillo, Jorge Juan"]
[Result "0-1"]
[WhiteElo "2075"]
[BlackElo "2361"]
[PlyCount "95"]
[EventDate "2013.01.19"]
[EventType "team-tourn"]
[EventRounds "14"]
[EventCountry "ESP"]
[SourceTitle "EXT 2014"]
[Source "ChessBase"]
[SourceDate "2013.11.20"]
[SourceVersion "1"]
[SourceVersionDate "2013.11.20"]
[SourceQuality "1"]
[WhiteTeam "Circulo de Amistad XII"]
[BlackTeam "Rey Ahogado"]
[WhiteTeamCountry "ESP"]
[BlackTeamCountry "ESP"]

1. d4 Nf6 2. Nf3 g6 3. Bf4 Bg7 4. h3 0-0 5. e3 d6 6. Be2 Nbd7 7. 0-0 Re8 8. Bg5 h6 9. Bh4 c5 10. Nc3 b6 11. d5 a6 12. a4 Rb8 13. Nd2 b5 14. axb5 axb5 15. e4 c4 16. f3 Nc5 17. Bf2 Nfd7 18. Qc1 Qc7 19. Na2 Bb7 20. c3 e6 21. dxe6 fxe6 22. Qc2 d5 23. Nb4 Qd6 24. Rfd1 Rf8 25. exd5 exd5 26. Ne4 Nxe4 27. fxe4 Rxf2 28. Kxf2 Qc5+ 29. Kf1 Rf8+ 30. Bf3 Ne5 31. Rxd5 Bxd5 32. Nxd5 Nxf3 33. gxf3 Rxf3+ 34. Kg2 Rf8 35. Ra6 Kh7 36. Re6 Ra8 37. Re7 Kh8 38. Rc7 Qd6 39. Qf2 Re8 40. Qf7 Qe5 41. Re7 Qg5+ 42. Kh1 Qc1+ 43. Kg2 Qd2+ 44. Qf2 Qg5+ 45. Qg3 Qd2+ 46. Qf2 Qg5+ 47. Qg3 Qd2+ 48. Qf2 0-1

[Event "Cotelec Laguna 3rd"]
[Site "Cotelec"]
[Date "2012.07.27"]
[Round "8"]
[White "Rivas Crespo, Alexander"]
[Black "Villavicencio Sanchez, Pedro"]
[Result "1-0"]
[WhiteElo "2069"]
[BlackElo "1623"]
[PlyCount "77"]
[EventDate "2012.07.20"]
[EventType "tourn"]
[EventRounds "9"]
[EventCountry "ESP"]
[SourceTitle "EXT 2014"]
[Source "ChessBase"]
[SourceDate "2013.11.20"]
[SourceVersion "1"]
[SourceVersionDate "2013.11.20"]
[SourceQuality "1"]

1. e4 c5 2. Nf3 e6 3. c4 a6 4. Nc3 Qc7 5. d3 Nc6 6. g3 Be7 7. Bg2 Bf6 8. 0-0 d6 9. Bg5 Bd4 10. Nxd4 Nxd4 11. Be3 Ne7 12. Qg4 0-0 13. Qd1 Nec6 14. f4 Rb8 15. g4 b5 16. b3 Qe7 17. f5 b4 18. Ne2 exf5 19. Bxd4 Nxd4 20. Nxd4 cxd4 21. gxf5 Qf6 22. Qf3 Bd7 23. Kh1 a5 24. Bh3 a4 25. Rg1 a3 26. Rg3 Kh8 27. Rag1 Rg8 28. Qf4 Rbc8 29. Bf1 Rb8 30. Be2 Rbc8 31. Bh5 Be8 32. Rh3 Rf8 33. Rh4 h6 34. Rg3 g5 35. fxg6 Qxf4 36. g7+ Kh7 37. gxf8N+ Kh8 38. Rxf4 f6 39. Rxf6 1-0

[Event "Cotelec Laguna 3rd"]
[Site "Cotelec"]
[Date "2012.07.24"]
[Round "5"]
[White "Rivas Crespo, Alexander"]
[Black "Ruiz Yanes, Jose David"]
[Result "1-0"]
[WhiteElo "2069"]
[BlackElo "1447"]
[PlyCount "79"]
[EventDate "2012.07.20"]
[EventType "tourn"]
[EventRounds "9"]
[EventCountry "ESP"]
[SourceTitle "EXT 2014"]
[Source "ChessBase"]
[SourceDate "2013.11.20"]
[SourceVersion "1"]
[SourceVersionDate "2013.11.20"]
[SourceQuality "1"]

1. e4 c5 2. Nf3 Nc6 3. d4 cxd4 4. Nxd4 Qb6 5. Nb3 Nf6 6. Nc3 e6 7. Be3 Qd8 8. Bb5 Bb4 9. f3 0-0 10. 0-0 Bxc3 11. bxc3 d5 12. e5 Nd7 13. f4 a6 14. Bd3 Ne7 15. Qh5 Ng6 16. Rf3 Qh4 17. Bxg6 Qxh5 18. Bxh5 g6 19. Bg4 f5 20. Bh3 b5 21. Nc5 Nxc5 22. Bxc5 Rf7 23. a4 Rc7 24. Bb4 Bd7 25. axb5 Bxb5 26. g3 Kf7 27. Bf1 Bxf1 28. Rfxf1 Rca7 29. Ra5 Ke8 30. Bc5 Rc7 31. Bd4 Kf7 32. Rb1 Rc6 33. Rb7+ Kg8 34. Bc5 Kh8 35. Be7 h6 36. Bf6+ Kg8 37. Rg7+ Kf8 38. Rxg6 Rxc3 39. Rxh6 Rxc2 40. Rh8+ 1-0

[Event "Vecindario Canarias op 4th"]
[Site "Vecindario"]
[Date "2010.07.25"]
[Round "9"]
[White "Rivas Crespo, Alexander"]
[Black "Biscarri Candalia, Oscar"]
[Result "1-0"]
[WhiteElo "2061"]
[BlackElo "1527"]
[PlyCount "55"]
[EventDate "2010.07.18"]
[EventType "swiss"]
[EventRounds "9"]
[EventCountry "ESP"]
[SourceTitle "CBM 137 Extra"]
[Source "ChessBase"]
[SourceDate "2010.09.01"]
[SourceVersion "1"]
[SourceVersionDate "2010.09.01"]
[SourceQuality "1"]

1. e4 c5 2. Nf3 d6 3. d4 cxd4 4. Nxd4 Nf6 5. Nc3 g6 6. Be2 Bg7 7. Be3 0-0 8. 0-0 Nc6 9. Kh1 a6 10. f4 e6 11. Bf3 Qa5 12. a3 Rd8 13. b4 Qc7 14. b5 Nxd4 15. Bxd4 e5 16. b6 Qe7 17. Be3 d5 18. fxe5 Nxe4 19. Bd4 Bxe5 20. Bxe5 Qxe5 21. Nxe4 dxe4 22. Qxd8+ Kg7 23. Be2 Qc5 24. Qf6+ Kh6 25. Qf4+ Qg5 26. Qxg5+ Kxg5 27. Rxf7 h5 28. Rf8 1-0

[Event "ESP-ch U16"]
[Site "Granada"]
[Date "2009.07.16"]
[Round "5"]
[White "Rivas Crespo, Alexander"]
[Black "Alcaraz Ortega, Javier"]
[Result "0-1"]
[WhiteElo "2030"]
[BlackElo "2241"]
[PlyCount "76"]
[EventDate "2009.07.14"]
[EventType "swiss"]
[EventRounds "9"]
[EventCountry "ESP"]
[SourceTitle "CBM 131 Extra"]
[Source "ChessBase"]
[SourceDate "2009.09.03"]
[SourceVersion "2"]
[SourceVersionDate "2009.09.16"]
[SourceQuality "1"]

1. e4 c5 2. Nf3 e6 3. d4 cxd4 4. Nxd4 a6 5. c4 Nf6 6. Nc3 Qc7 7. a3 b6 8. Be2 Bb7 9. f3 d6 10. Be3 Nbd7 11. Rc1 Be7 12. 0-0 0-0 13. b4 Rac8 14. Qb3 Qb8 15. Rfd1 Rfe8 16. Bf2 Bd8 17. g3 Bc7 18. Bf1 h5 19. Na4 h4 20. Kg2 Nh5 21. Ne2 Ndf6 22. Nxb6 Bxb6 23. Bxb6 d5 24. Be3 hxg3 25. hxg3 dxe4 26. f4 Ng4 27. Ng1 Nhf6 28. Be2 Nh6 29. Nh3 e5 30. Kg1 Nf5 31. Kf2 Qc7 32. g4 Nd4 33. Qb2 exf4 34. Bxd4 f3 35. Bxf6 e3+ 36. Kf1 Qg3 37. Bxf3 Qxf3+ 38. Nf2 e2+ 0-1

[Event "ESP-ch U16"]
[Site "Granada"]
[Date "2009.07.16"]
[Round "4"]
[White "Sanchez Ibern, Marc"]
[Black "Rivas Crespo, Alexander"]
[Result "0-1"]
[WhiteElo "2289"]
[BlackElo "2030"]
[PlyCount "100"]
[EventDate "2009.07.14"]
[EventType "swiss"]
[EventRounds "9"]
[EventCountry "ESP"]
[SourceTitle "CBM 131 Extra"]
[Source "ChessBase"]
[SourceDate "2009.09.03"]
[SourceVersion "2"]
[SourceVersionDate "2009.09.16"]
[SourceQuality "1"]

1. d4 Nf6 2. Nc3 d5 3. Bg5 Bf5 4. f3 Nc6 5. a3 Qd7 6. Qd2 e6 7. 0-0-0 Be7 8. e3 0-0-0 9. Nge2 h6 10. Bh4 g5 11. Bf2 Bg6 12. h4 Na5 13. Ng3 Qc6 14. h5 Bh7 15. Bb5 Qb6 16. Qe2 c6 17. Ba4 Qc7 18. e4 Nd7 19. exd5 cxd5 20. Bxd7+ Rxd7 21. Qe5 Rg8 22. Qxc7+ Rxc7 23. Nge2 a6 24. Kb1 b5 25. Be1 Nc4 26. Nc1 Ne3 27. Rd2 Bxa3 28. Re2 Nxc2 29. bxa3 Nxe1+ 30. Kb2 Nd3+ 31. Nxd3 Bxd3 32. Rf2 Kd7 33. Rd1 Bc4 34. Rdd2 f5 35. g4 fxg4 36. fxg4 Ke7 37. Nb1 Rcc8 38. Rc2 Rgf8 39. a4 bxa4 40. Ka3 Rxf2 41. Rxf2 Bb5 42. Nd2 Rc3+ 43. Kb4 Rg3 44. Nf3 Rxg4 45. Ne5 Rxd4+ 46. Kc5 Re4 47. Ng6+ Kd8 48. Rf8+ Kc7 49. Rf7+ Bd7 50. Ne5 Rxe5 0-1

[Event "La Laguna op 3rd"]
[Site "La Laguna"]
[Date "2009.05.06"]
[Round "3"]
[White "Korneev, Oleg"]
[Black "Rivas Crespo, Alexander"]
[Result "1-0"]
[WhiteElo "2587"]
[BlackElo "1998"]
[PlyCount "61"]
[EventDate "2009.05.04"]
[EventType "swiss"]
[EventRounds "9"]
[EventCountry "ESP"]
[SourceTitle "CBM 130 Extra"]
[Source "ChessBase"]
[SourceDate "2009.07.02"]
[SourceVersion "2"]
[SourceVersionDate "2009.07.15"]
[SourceQuality "1"]

1. e4 c5 2. Nf3 e6 3. d4 cxd4 4. Nxd4 Nf6 5. Nc3 d6 6. Be3 Be7 7. f3 a6 8. Qd2 b5 9. 0-0-0 0-0 10. g4 Bd7 11. g5 Ne8 12. h4 b4 13. Nce2 a5 14. Kb1 Na6 15. f4 Nc5 16. Ng3 Rb8 17. f5 a4 18. h5 e5 19. Nf3 Qc7 20. f6 gxf6 21. g6 fxg6 22. hxg6 hxg6 23. Bc4+ Ne6 24. b3 N8g7 25. Bh6 Rf7 26. Nh4 g5 27. Bxg7 gxh4 28. Nf5 Rxg7 29. Qh6 Bf8 30. Qxf6 Re8 31. Rxh4 1-0

[Event "La Laguna op 3rd"]
[Site "La Laguna"]
[Date "2009.05.05"]
[Round "2"]
[White "Rivas Crespo, Alexander"]
[Black "Vega Gutierrez, Sabrina Neide"]
[Result "1-0"]
[WhiteElo "1998"]
[BlackElo "2334"]
[PlyCount "95"]
[EventDate "2009.05.04"]
[EventType "swiss"]
[EventRounds "9"]
[EventCountry "ESP"]
[SourceTitle "CBM 130 Extra"]
[Source "ChessBase"]
[SourceDate "2009.07.02"]
[SourceVersion "2"]
[SourceVersionDate "2009.07.15"]
[SourceQuality "1"]

1. e4 c5 2. Nf3 e6 3. d4 cxd4 4. Nxd4 Nc6 5. Nc3 a6 6. Be2 d6 7. 0-0 Nf6 8. Kh1 Be7 9. f4 0-0 10. Bf3 Qc7 11. Be3 Bd7 12. Nb3 b5 13. a3 Rac8 14. g4 b4 15. axb4 Nxb4 16. g5 Ne8 17. Nd4 e5 18. Nf5 Bc6 19. Nd5 Nxd5 20. exd5 Bb5 21. c4 Bxc4 22. Rc1 Qb7 23. fxe5 Bxf1 24. Rxc8 Bh3 25. exd6 Bxf5 26. dxe7 Qxe7 27. Bc5 Nd6 28. Rc6 Rd8 29. Rxa6 Be4 30. Rxd6 Bxf3+ 31. Qxf3 Rxd6 32. Bxd6 Qxd6 33. Qe4 Kf8 34. Kg2 h6 35. h4 hxg5 36. hxg5 Qd8 37. Qe5 f6 38. gxf6 gxf6 39. Qd4 Qd6 40. b4 Ke7 41. Kf3 Kd7 42. Ke4 Kc7 43. Qc5+ Kd7 44. Qxd6+ Kxd6 45. Kd4 f5 46. b5 f4 47. b6 f3 48. Ke3 1-0

[Event "ESP-ch U16"]
[Site "Padron"]
[Date "2008.07.23"]
[Round "6"]
[White "Etxagibel Larranaga, Asier"]
[Black "Rivas Crespo, Alexander"]
[Result "1/2-1/2"]
[WhiteElo "1887"]
[BlackElo "1961"]
[PlyCount "47"]
[EventDate "2008.07.20"]
[EventType "swiss"]
[EventRounds "9"]
[EventCountry "ESP"]
[SourceTitle "EXT 2010"]
[Source "ChessBase"]
[SourceDate "2010.11.25"]
[SourceVersion "1"]
[SourceVersionDate "2010.11.25"]
[SourceQuality "1"]

1. d4 Nf6 2. Nf3 g6 3. c4 Bg7 4. Nc3 0-0 5. e4 d6 6. Be2 e5 7. dxe5 dxe5 8. Qxd8 Rxd8 9. Bg5 Re8 10. Nd5 Nxd5 11. cxd5 f5 12. Rc1 c6 13. Bc4 Kh8 14. 0-0 a5 15. dxc6 Nxc6 16. Bb5 Be6 17. exf5 gxf5 18. Bxc6 bxc6 19. Rxc6 Bxa2 20. Bf6 Bd5 21. Bxg7+ Kxg7 22. Rc7+ Kf6 23. Rxh7 Bxf3 24. gxf3 1/2-1/2

[Event "ESP-ch U16"]
[Site "Padron"]
[Date "2008.07.20"]
[Round "2"]
[White "Coll Ortega, Jordi"]
[Black "Rivas Crespo, Alexander"]
[Result "1/2-1/2"]
[WhiteElo "2206"]
[BlackElo "1961"]
[PlyCount "108"]
[EventDate "2008.07.20"]
[EventType "swiss"]
[EventRounds "9"]
[EventCountry "ESP"]
[SourceTitle "EXT 2010"]
[Source "ChessBase"]
[SourceDate "2010.11.25"]
[SourceVersion "1"]
[SourceVersionDate "2010.11.25"]
[SourceQuality "1"]

1. c4 Nf6 2. g3 g6 3. Bg2 Bg7 4. Nc3 0-0 5. d3 d6 6. Bg5 h6 7. Bd2 e5 8. e4 c6 9. Nge2 Be6 10. 0-0 d5 11. b3 dxc4 12. dxc4 Na6 13. h3 Qd7 14. Kh2 Rad8 15. Be3 Qxd1 16. Raxd1 b6 17. f4 Nb4 18. Rxd8 Rxd8 19. f5 Bc8 20. fxg6 fxg6 21. Bxh6 Ng4+ 22. hxg4 Bxh6 23. a3 Nc2 24. Rf6 Kg7 25. Rxc6 Bxg4 26. Rc7+ Rd7 27. Rxd7+ Bxd7 28. Ng1 Ne3 29. Nf3 Kf6 30. Bh3 Bc6 31. Nd5+ Bxd5 32. cxd5 Bf8 33. a4 Bb4 34. Kg1 Nc2 35. Bf1 Nd4 36. Nh2 Kg5 37. Bc4 a6 38. Bxa6 Nxb3 39. Bd3 Nc5 40. Bc2 Nb7 41. Kf1 Nd6 42. Bd3 Nb7 43. Ke2 Na5 44. Nf3+ Kf6 45. Nd2 Kg5 46. Nf3+ Kf6 47. g4 g5 48. Nd2 Ke7 49. Bb5 Kf6 50. Kd3 Ke7 51. Nf3 Kf6 52. Kc2 Nb7 53. Nd2 Na5 54. Nf1 Nb7 1/2-1/2

[Event "ESP-chT U14"]
[Site "Aviles"]
[Date "2008.06.26"]
[Round "3.3"]
[White "Suarez Garcia, Carlos"]
[Black "Rivas Crespo, Alexander"]
[Result "1/2-1/2"]
[WhiteElo "1921"]
[BlackElo "1642"]
[PlyCount "92"]
[EventDate "2008.06.25"]
[EventType "team-swiss"]
[EventRounds "6"]
[EventCountry "ESP"]
[SourceTitle "EXT 2010"]
[Source "ChessBase"]
[SourceDate "2010.11.25"]
[SourceVersion "1"]
[SourceVersionDate "2010.11.25"]
[SourceQuality "1"]

1. e4 c5 2. Nf3 Nc6 3. d4 cxd4 4. Nxd4 d6 5. Nc3 Nf6 6. Be2 g6 7. Be3 Bg7 8. 0-0 0-0 9. Kh1 Bd7 10. Nb3 a6 11. f4 b5 12. a3 Qc8 13. Bf3 Bg4 14. Nd5 Nxd5 15. exd5 Bxf3 16. Qxf3 Nd8 17. c3 Nb7 18. Rae1 Nc5 19. Bxc5 dxc5 20. Rxe7 c4 21. Nd2 Qc5 22. Rfe1 Rad8 23. Qe3 Qxe3 24. R7xe3 Rxd5 25. Nf3 Rd7 26. g3 Rd6 27. Kg2 Bf6 28. R1e2 Kg7 29. Nd2 Rfd8 30. Ne4 Rd3 31. Kf3 Be7 32. g4 f5 33. gxf5 gxf5 34. Ng3 Kf6 35. Rxd3 Rxd3+ 36. Kg2 Bd6 37. Rf2 Bc5 38. Re2 Be3 39. Nf1 Bxf4 40. Kf2 Rd1 41. Ne3 Bxe3+ 42. Kxe3 Rd6 43. Kf4 Re6 44. Rd2 Re4+ 45. Kf3 Ke7 46. Rd5 Rh4 1/2-1/2